Geography Quiz

Random Geography or Flags Quiz

Just the Red: Europe Quiz Stats

Quiz Updated Nov 14, 2016

Challenge
Share
Tweet
Score 0/29 Timer 04:00
20 Plays Today
% Correct
United Kingdom
97.4%
Turkey
94%
Albania
76.9%
Belgium/France/Italy/Romania
75.1%
Denmark
74%
Czechia
73.9%
Macedonia
69.7%
Slovakia
68.5%
Croatia
68.3%
Portugal
67.9%
Austria
65.9%
Latvia
63.2%
Switzerland
63%
Iceland
61.5%
Belarus
60%
% Correct
Liechtenstein/Poland
59.9%
Hungary/Luxembourg/Netherlands
59.8%
Norway
57.7%
Malta
55.2%
Spain
54.1%
Serbia
50.6%
Montenegro
49.6%
Slovenia
48.7%
Bulgaria/Lithuania/Russia
48%
Vatican City
47.3%
Monaco
45.3%
Andorra
41.2%
Germany
34.6%
Moldova
25.7%

You're not logged in!

Compare scores with friends on all Sporcle quizzes.
Join for Free
OR
Log In

You Might Also Like...

Show Comments

Extras

Top Quizzes Today


Score Distribution

Your Account Isn't Verified!

In order to create a playlist on Sporcle, you need to verify the email address you used during registration. Go to your Sporcle Settings to finish the process.

Report this User

Report this user for behavior that violates our Community Guidelines.

Details: